[Event "8th HD Bank Cup 2018"]
[Site "Hanoi VIE"]
[Date "2018.03.11"]
[Round "3.48"]
[White "Nguyen, Van Hai"]
[Black "Kulkarni, Chinmay"]
[Result "1-0"]
[WhiteTitle "IM"]
[WhiteElo "2335"]
[BlackElo "2215"]
[WhiteFideId "12400122"]
[BlackFideId "5023513"]
[EventDate "2018.03.10"]

1. e4 c5 2. Nf3 Nc6 3. Bb5 d6 4. O-O Bd7 5. Re1 Nf6 6. c3 a6 7. Ba4 e5 8. h3 Be7
9. d3 O-O 10. Nbd2 b5 11. Bb3 Be6 12. Nf1 Re8 13. Ng3 Bf8 14. a4 Rb8 15. axb5
axb5 16. Bc2 h6 17. d4 cxd4 18. cxd4 Nxd4 19. Nxd4 exd4 20. Qxd4 Rc8 21. Bd3 Bc4
22. b3 Bxd3 23. Qxd3 d5 24. e5 Ne4 25. Bb2 Nxg3 26. Qxg3 Qb6 27. Re2 d4 28. Rd1
Rcd8 29. Re4 Bc5 30. b4 Bxb4 31. e6 fxe6 32. Rexd4 Rxd4 33. Rxd4 Bf8 34. Rd7 e5
35. Bxe5 Rxe5 36. Qxe5 b4 37. Qd5+ Kh7 38. Qf5+ 1-0

[Event "8th HD Bank Cup 2018"]
[Site "Hanoi VIE"]
[Date "2018.03.11"]
[Round "3.49"]
[White "Duong, The Anh"]
[Black "Nguyen, Hoang Nam"]
[Result "0-1"]
[WhiteTitle "IM"]
[BlackTitle "CM"]
[WhiteElo "2327"]
[BlackElo "2188"]
[WhiteFideId "12401277"]
[BlackFideId "12402133"]
[EventDate "2018.03.10"]

1. d4 Nf6 2. c4 c5 3. d5 e5 4. Nc3 d6 5. e4 Be7 6. h3 O-O 7. Nf3 Nbd7 8. Bd3 a6
9. Be3 Ne8 10. Qc2 g6 11. g4 Ng7 12. O-O-O b5 13. cxb5 axb5 14. Bxb5 Ba6 15.
Bxa6 Rxa6 16. h4 Nf6 17. Rdg1 Qd7 18. Ne1 Rfa8 19. Bg5 Nge8 20. Nd3 Bd8 21. f4
Ba5 22. fxe5 Bxc3 23. exf6 Bd4 24. a3 Ra4 25. h5 Qb5 26. hxg6 Rc4 27. gxf7+ Kxf7
28. Rxh7+ Kg6 29. f7 Rxc2+ 30. Kxc2 Nf6 31. Bxf6 Kxh7 32. Bxd4 cxd4 33. g5 Rc8+
34. Kd2 Qb3 35. g6+ Kg7 36. Rg3 Qc2+ 37. Ke1 Qb1+ 38. Kf2 Rc2+ 39. Kf3 Qh1+ 40.
Kf4 Re2 41. Kg5 Rxe4 42. Kf5 Qh4 0-1

[Event "8th HD Bank Cup 2018"]
[Site "Hanoi VIE"]
[Date "2018.03.11"]
[Round "3.50"]
[White "Bhambure, Shantanu"]
[Black "Nguyen, Thi Mai Hung"]
[Result "1-0"]
[BlackTitle "WGM"]
[WhiteElo "2135"]
[BlackElo "2321"]
[WhiteFideId "5025931"]
[BlackFideId "12401676"]
[EventDate "2018.03.10"]

1. Nf3 d5 2. b3 Bf5 3. Bb2 e6 4. e3 Nf6 5. d4 Nbd7 6. Nbd2 c6 7. c4 h6 8. Be2
Bd6 9. O-O Qb8 10. c5 Bc7 11. b4 O-O 12. h3 Ne4 13. Nxe4 dxe4 14. Nd2 Qd8 15. f4
exf3 16. Nxf3 Nf6 17. Bd3 Nd5 18. e4 Ne3 19. Qe1 Nxf1 20. exf5 Ng3 21. fxe6 Qd5
22. exf7+ Qxf7 23. Ne5 Bxe5 24. dxe5 Qf4 25. e6 Nf5 26. Be5 Qg5 27. Qe4 Rae8 28.
Re1 Kh8 29. Bc3 Kg8 30. Be5 g6 31. Bf4 Qh4 32. Kh2 Kh7 33. g3 Qf6 34. Bc4 Ne7
35. h4 Rd8 36. Bd6 Qb2+ 37. Re2 Rf2+ 38. Kh3 Rxe2 39. Bxe2 Qf6 40. Kg2 Qf5 41.
Bd3 Qxe4+ 42. Bxe4 Nf5 43. g4 Ng7 44. e7 Ra8 45. h5 Ne8 46. Bxg6+ Kg8 47. Be5 b6
48. g5 hxg5 49. h6 1-0

[Event "8th HD Bank Cup 2018"]
[Site "Hanoi VIE"]
[Date "2018.03.11"]
[Round "3.51"]
[White "Divya, Deshmukh"]
[Black "Dang, Hoang Son"]
[Result "0-1"]
[WhiteTitle "WFM"]
[BlackTitle "FM"]
[WhiteElo "2138"]
[BlackElo "2317"]
[WhiteFideId "35006916"]
[BlackFideId "12402435"]
[EventDate "2018.03.10"]

1. e4 g6 2. d4 Bg7 3. Nf3 d6 4. Nc3 Nf6 5. Bf4 O-O 6. Qd2 Bg4 7. Be2 Nbd7 8. Bh6
Bxh6 9. Qxh6 Bxf3 10. Bxf3 e5 11. d5 Ne8 12. h4 Ng7 13. h5 g5 14. Bg4 f6 15. g3
Kh8 16. f4 f5 17. Bxf5 Nxf5 18. exf5 Rxf5 19. fxg5 Qxg5 20. Qxg5 Rxg5 21. O-O-O
a6 22. Rdf1 Kg8 23. Ne4 Rg4 24. Rh4 Rg7 25. h6 Rg6 26. g4 Rf8 27. Rxf8+ Kxf8 28.
g5 Ke7 29. Rh3 Nb6 30. c4 Nd7 31. Kd2 Rg8 32. Ke3 Kf7 33. Rf3+ Kg6 34. b4 b6 35.
a4 a5 36. b5 Re8 37. Rf2 Re7 0-1

[Event "8th HD Bank Cup 2018"]
[Site "Hanoi VIE"]
[Date "2018.03.11"]
[Round "3.52"]
[White "Nitish, Belurkar"]
[Black "Liu, Zhaoqi"]
[Result "1-0"]
[WhiteTitle "FM"]
[WhiteElo "2293"]
[BlackElo "2133"]
[WhiteFideId "5084768"]
[BlackFideId "8609381"]
[EventDate "2018.03.10"]

1. e4 e6 2. Nf3 d5 3. e5 c5 4. b4 cxb4 5. d4 Nc6 6. a3 Bd7 7. axb4 Bxb4+ 8. c3
Bf8 9. Bd3 Na5 10. Ng5 Be7 11. f4 g6 12. O-O h5 13. Qc2 Bxg5 14. fxg5 Ne7 15.
Rf6 b5 16. Qf2 Nb3 17. Ba3 Nxa1 18. Rxf7 Nf5 19. Rf6 Qa5 20. Qb2 b4 21. cxb4 Qb6
22. Bxf5 gxf5 23. Qxa1 a5 24. b5 Qxb5 25. g6 O-O-O 26. Nc3 Qd3 27. Bc5 Qe3+ 28.
Kh1 a4 29. h3 f4 1-0

[Event "8th HD Bank Cup 2018"]
[Site "Hanoi VIE"]
[Date "2018.03.11"]
[Round "3.53"]
[White "Lee, Jun Hyeok"]
[Black "Doan, Van Duc"]
[Result "1-0"]
[WhiteTitle "FM"]
[WhiteElo "2286"]
[BlackElo "2112"]
[WhiteFideId "13202340"]
[BlackFideId "12400335"]
[EventDate "2018.03.10"]

1. Nf3 d5 2. e3 Nf6 3. c4 c6 4. Nc3 e6 5. d4 Nbd7 6. Bd2 Bd6 7. Bd3 O-O 8. O-O
Qe7 9. Qc2 dxc4 10. Bxc4 e5 11. h3 b5 12. Bd3 Bb7 13. dxe5 Nxe5 14. Nxe5 Bxe5
15. e4 Rad8 16. f4 Bd4+ 17. Kh2 Ng4+ 18. Kg3 Ne3 19. Bxe3 Bxe3 20. Rae1 Bd4 21.
e5 h6 22. Ne4 Bxe5 23. fxe5 Qxe5+ 24. Kh4 f5 25. Nc5 Rd4+ 26. g4 Qf6+ 27. Kg3
f4+ 28. Kh2 f3 29. Ne6 Ra4 30. Kh1 Kh8 31. Nxf8 Qd6 1-0

[Event "8th HD Bank Cup 2018"]
[Site "Hanoi VIE"]
[Date "2018.03.11"]
[Round "3.54"]
[White "Nguyen, Thi Thanh An"]
[Black "Samant, Aditya S"]
[Result "1/2-1/2"]
[WhiteTitle "WGM"]
[WhiteElo "2274"]
[BlackElo "2107"]
[WhiteFideId "12400300"]
[BlackFideId "35080580"]
[EventDate "2018.03.10"]

1. d4 Nf6 2. c4 e6 3. Nc3 Bb4 4. Qc2 d5 5. cxd5 Qxd5 6. Nf3 Qf5 7. Qxf5 exf5 8.
a3 Be7 9. Bf4 c6 10. e3 Be6 11. Be2 Nbd7 12. h3 Nb6 13. Nd2 a5 14. Be5 O-O 15.
Rc1 Nfd5 16. Nxd5 Bxd5 17. f3 Bh4+ 18. g3 Bg5 19. Kf2 Rfe8 20. Rhe1 Nd7 21. Nc4
Nxe5 22. dxe5 Be7 23. Red1 Bc5 24. Nd6 Bxd6 25. exd6 Rad8 26. Rxd5 cxd5 27. d7
Rxd7 28. Bb5 Rdd8 29. Bxe8 Rxe8 30. Rc5 b6 31. Rxd5 g6 32. Rd6 Re6 33. Rxe6 fxe6
34. e4 Kf7 35. Ke3 Ke7 36. Kd4 Kd6 1/2-1/2

[Event "8th HD Bank Cup 2018"]
[Site "Hanoi VIE"]
[Date "2018.03.11"]
[Round "3.55"]
[White "Bach, Ngoc Thuy Duong"]
[Black "Anand, Nadar"]
[Result "0-1"]
[WhiteTitle "WFM"]
[BlackTitle "FM"]
[WhiteElo "2000"]
[BlackElo "2262"]
[WhiteFideId "12408956"]
[BlackFideId "25009141"]
[EventDate "2018.03.10"]

1. d4 g6 2. c4 Bg7 3. Nc3 d6 4. e4 e5 5. Nf3 Nc6 6. d5 Nce7 7. Be2 Nf6 8. O-O
O-O 9. b4 Ne8 10. a4 f5 11. a5 Nf6 12. Nd2 fxe4 13. Ndxe4 Nf5 14. Bg5 h6 15.
Bxf6 Bxf6 16. Nxf6+ Qxf6 17. c5 a6 18. Bc4 Nh4 19. Ne4 Qf4 20. Qe2 Bh3 21. Rfc1
Bxg2 22. Ng3 Bh3 23. Ra3 Bg4 24. Qc2 Kh7 25. Ba2 Nf3+ 26. Rxf3 Bxf3 0-1

[Event "8th HD Bank Cup 2018"]
[Site "Hanoi VIE"]
[Date "2018.03.11"]
[Round "3.56"]
[White "Nandhidhaa, PV"]
[Black "Snehal, Bhosale"]
[Result "1/2-1/2"]
[WhiteTitle "WIM"]
[WhiteElo "2261"]
[BlackElo "2105"]
[WhiteFideId "5050847"]
[BlackFideId "5021995"]
[EventDate "2018.03.10"]

1. e4 c5 2. Nf3 d6 3. d4 cxd4 4. Nxd4 Nf6 5. Nc3 Nc6 6. f3 e5 7. Nb3 Be6 8. Be3
Be7 9. Qd2 O-O 10. Rd1 a5 11. Bb5 Na7 12. Be2 Nc8 13. Nd5 Nxd5 14. exd5 Bd7 15.
c4 a4 16. Na1 f5 17. O-O f4 18. Bf2 Qe8 19. Rfe1 Qh5 20. Bf1 Rf6 21. Nc2 Rh6 22.
h3 Rg6 23. Kh2 Bh4 24. Na3 Ne7 25. c5 Nf5 26. Nc4 Bxf2 27. Qxf2 Nh4 28. cxd6 Re8
29. Rxe5 Nxf3+ 30. Qxf3 Rxe5 31. Nxe5 Qxe5 32. Rd2 Rg3 33. Qf2 Re3 34. Kg1 Rg3
35. Qb6 Bxh3 36. Re2 Qxd5 1/2-1/2

[Event "8th HD Bank Cup 2018"]
[Site "Hanoi VIE"]
[Date "2018.03.11"]
[Round "3.57"]
[White "Moksh, Amit Doshi"]
[Black "Priyanka, K"]
[Result "1-0"]
[WhiteElo "2256"]
[BlackElo "2087"]
[WhiteFideId "25064967"]
[BlackFideId "5082986"]
[EventDate "2018.03.10"]

1. e4 c5 2. Nf3 d6 3. Bb5+ Nd7 4. O-O a6 5. Bd3 Ngf6 6. Re1 g6 7. c3 Bh6 8. a4
Ne5 9. Nxe5 dxe5 10. Bc4 O-O 11. d3 Bxc1 12. Qxc1 Qd6 13. Qe3 Bd7 14. a5 Rfd8
15. Nd2 Bb5 16. Red1 Rac8 17. h3 Ne8 18. Bxb5 axb5 19. Nf3 Nc7 20. d4 cxd4 21.
cxd4 Ne6 22. d5 Nc5 23. Rac1 Nd7 24. Qb3 b4 25. Ne1 b6 26. axb6 Qxb6 27. Nd3 Nf6
28. Rc4 Rxc4 29. Qxc4 e6 30. Nxe5 exd5 31. exd5 Re8 32. Qc6 Qd8 33. Nc4 Re2 34.
d6 Ne4 35. d7 Kg7 36. Qb6 1-0

[Event "8th HD Bank Cup 2018"]
[Site "Hanoi VIE"]
[Date "2018.03.11"]
[Round "3.58"]
[White "Sethuraman, S.P."]
[Black "Swati, Ghate"]
[Result "1-0"]
[WhiteTitle "GM"]
[BlackTitle "WGM"]
[WhiteElo "2649"]
[BlackElo "2249"]
[WhiteFideId "5021596"]
[BlackFideId "5003474"]
[EventDate "2018.03.10"]

1. c4 e6 2. g3 d5 3. Bg2 Nf6 4. Nf3 c5 5. O-O Nc6 6. cxd5 Nxd5 7. Nc3 Be7 8. d4
cxd4 9. Nxd5 exd5 10. Nxd4 O-O 11. Be3 Bf6 12. Rc1 Ne5 13. Nb5 Nc4 14. Bc5 Nxb2
15. Qb3 Re8 16. Bxd5 Rxe2 17. Bxf7+ Kh8 18. Nd6 Bh3 19. Bd5 1-0

[Event "8th HD Bank Cup 2018"]
[Site "Hanoi VIE"]
[Date "2018.03.11"]
[Round "3.59"]
[White "Nguyen, Hoai Nam"]
[Black "Xu, Zhihang"]
[Result "0-1"]
[BlackTitle "FM"]
[WhiteElo "2177"]
[BlackElo "2364"]
[WhiteFideId "12415880"]
[BlackFideId "8611572"]
[EventDate "2018.03.10"]

1. d4 Nf6 2. Nf3 e6 3. c4 Bb4+ 4. Bd2 Qe7 5. Nc3 b6 6. g3 Ba6 7. Qb3 O-O 8. Bg2
d5 9. Nb5 Nc6 10. Bxb4 Nxb4 11. Na3 0-1

[Event "8th HD Bank Cup 2018"]
[Site "Hanoi VIE"]
[Date "2018.03.11"]
[Round "3.60"]
[White "Gu, Xiaobing"]
[Black "Emperado, Emmanuel"]
[Result "1-0"]
[WhiteTitle "WGM"]
[WhiteElo "2354"]
[BlackElo "2232"]
[WhiteFideId "8602611"]
[BlackFideId "5209960"]
[EventDate "2018.03.10"]

1. e4 a6 2. d4 e6 3. Bd3 d5 4. e5 c5 5. c3 Nc6 6. Nf3 Bd7 7. O-O cxd4 8. cxd4
Qb6 9. Be2 Nge7 10. Nc3 Nf5 11. Na4 Qa7 12. Be3 b5 13. Nc3 h5 14. Rc1 Be7 15.
Kh1 g6 16. Bd3 Ng7 17. Ne2 Bd8 18. Bb1 Bb6 19. Bg5 1-0

[Event "8th HD Bank Cup 2018"]
[Site "Hanoi VIE"]
[Date "2018.03.11"]
[Round "3.61"]
[White "Li, Ruofan"]
[Black "Kwon, Sehyun"]
[Result "1/2-1/2"]
[WhiteTitle "IM"]
[BlackTitle "CM"]
[WhiteElo "2351"]
[BlackElo "2169"]
[WhiteFideId "8600643"]
[BlackFideId "13203088"]
[EventDate "2018.03.10"]

1. d4 Nf6 2. c4 e6 3. Nc3 Bb4 4. Qc2 d5 5. cxd5 Qxd5 6. Nf3 Qf5 7. Qxf5 exf5 8.
Bf4 c6 9. a3 Be7 10. e3 Nbd7 11. Bd3 Nb6 12. h3 a5 13. O-O h6 14. Bc7 Nbd5 15.
Bh2 Be6 16. Rfc1 Nb6 17. Rab1 Nfd5 18. Nd2 O-O 19. Nxd5 Nxd5 20. Nc4 Rfd8 21.
Kf1 g5 22. Bg1 c5 23. g3 cxd4 24. exd4 Bf6 25. f3 Ne7 26. Nb6 Rab8 27. Bc4 Bxc4+
28. Nxc4 Nc6 29. f4 Bxd4 30. Ne3 Ne7 31. Rc7 gxf4 32. Rxe7 fxe3 33. Bxe3 Bxe3
34. Rxe3 Rd5 35. Rc1 Rb5 36. b3 Kf8 37. Rc7 Re8 38. Rd3 Re6 39. Rdd7 Rf6 40.
Rxb7 Re5 41. Kf2 f4 42. g4 Re3 43. Rd5 Rxh3 44. Rxa5 Rh2+ 45. Kf3 Rh3+ 46. Kf2
Rg3 47. Rf5 Rxf5 48. gxf5 Kg7 49. a4 h5 50. a5 h4 51. Rb4 h3 52. Rxf4 h2 53. Rh4
Rxb3 54. Rxh2 Ra3 55. Rh5 f6 56. Ke2 Rxa5 57. Ke3 Ra4 58. Rh1 1/2-1/2

[Event "8th HD Bank Cup 2018"]
[Site "Hanoi VIE"]
[Date "2018.03.11"]
[Round "3.62"]
[White "Pham, Xuan Dat"]
[Black "Vaingorten, Yaaqov"]
[Result "1/2-1/2"]
[BlackTitle "FM"]
[WhiteElo "2118"]
[BlackElo "2298"]
[WhiteFideId "12401307"]
[BlackFideId "2603918"]
[EventDate "2018.03.10"]

1. Nf3 f5 2. d3 Nf6 3. g3 Nc6 4. Bg2 e5 5. O-O Be7 6. c4 O-O 7. Nc3 Qe8 8. a3 a5
9. Nb5 Bd8 10. e4 fxe4 11. dxe4 Kh8 12. Qd3 d6 13. Bd2 a4 14. Bc3 Na5 15. Nd2
Be6 16. Rad1 c6 17. Bxa5 Rxa5 18. Nc3 Ra8 19. h3 1/2-1/2

[Event "8th HD Bank Cup 2018"]
[Site "Hanoi VIE"]
[Date "2018.03.11"]
[Round "3.63"]
[White "Andyka, Pitra"]
[Black "Vasilyev, Mikhail"]
[Result "0-1"]
[WhiteTitle "FM"]
[BlackTitle "IM"]
[WhiteElo "2265"]
[BlackElo "2141"]
[WhiteFideId "7103255"]
[BlackFideId "14101254"]
[EventDate "2018.03.10"]

1. e4 c5 2. Nf3 d6 3. d4 cxd4 4. Nxd4 Nf6 5. Nc3 Nc6 6. Bg5 e6 7. Qd2 a6 8.
O-O-O Bd7 9. f3 b5 10. Kb1 Be7 11. Be3 Nxd4 12. Qxd4 Bc6 13. g4 O-O 14. g5 Nd7
15. h4 b4 16. Ne2 d5 17. e5 Qc7 18. Bh3 Nxe5 19. f4 Nc4 20. Bc1 Bb5 21. Qf2 Bc5
22. Nd4 Qb6 23. h5 Rac8 0-1

[Event "8th HD Bank Cup 2018"]
[Site "Hanoi VIE"]
[Date "2018.03.11"]
[Round "3.64"]
[White "Yee, Soon Wei"]
[Black "Song, Yuxin"]
[Result "1/2-1/2"]
[WhiteTitle "FM"]
[BlackTitle "WCM"]
[WhiteElo "2263"]
[BlackElo "2067"]
[WhiteFideId "10500553"]
[BlackFideId "8614300"]
[EventDate "2018.03.10"]

1. e4 c5 2. Nf3 d6 3. Bb5+ Nd7 4. d4 cxd4 5. Qxd4 a6 6. Bxd7+ Bxd7 7. c4 e5 8.
Qd3 b5 9. Nc3 bxc4 10. Qxc4 Be6 11. Qc6+ Bd7 12. Qc4 Be6 13. Qd3 Be7 14. O-O Nf6
15. Bg5 O-O 16. Rfd1 Qb6 17. b3 Ng4 18. Qe2 Bxg5 19. Nxg5 Nf6 20. Rd3 h6 21.
Nxe6 fxe6 22. h3 Rad8 23. Rad1 Rf7 24. Qe3 Qxe3 25. Rxe3 Rfd7 26. Na4 Rc7 27.
Re2 Kf7 28. Nb6 Ke7 29. f3 g5 30. Red2 Nh5 31. Nc4 Rcd7 32. Nb6 Rc7 33. Nc4 Rcd7
34. a4 Nf4 35. b4 Ng6 36. b5 axb5 37. axb5 d5 38. Na5 Ra8 39. Nc6+ Kf6 40. exd5
exd5 41. Rxd5 Rxd5 42. Rxd5 Ra1+ 43. Kh2 Rb1 44. Rd6+ Kg7 45. Na7 Nh4 46. b6 Rb2
47. Kg1 Rxg2+ 48. Kf1 Rb2 49. Rd7+ Kf6 50. b7 Ke6 51. Rh7 Kd5 52. Rd7+ Ke6 53.
Rh7 Kd5 54. Rd7+ 1/2-1/2

[Event "8th HD Bank Cup 2018"]
[Site "Hanoi VIE"]
[Date "2018.03.12"]
[Round "4.1"]
[White "Bogdanovich, Stanislav"]
[Black "Gordievsky, Dmitry"]
[Result "0-1"]
[WhiteTitle "GM"]
[BlackTitle "GM"]
[WhiteElo "2560"]
[BlackElo "2630"]
[WhiteFideId "14115298"]
[BlackFideId "24112798"]
[EventDate "2018.03.10"]

1. e4 c5 2. Nf3 e6 3. g3 Nc6 4. Bg2 Nf6 5. d3 d5 6. Qe2 Be7 7. e5 Nd7 8. c4 d4
9. h4 h6 10. Bf4 b6 11. Nbd2 Bb7 12. h5 Qc7 13. g4 f6 14. O-O-O fxe5 15. Nxe5
Ndxe5 16. Bxe5 Nxe5 17. Bxb7 Nxd3+ 18. Qxd3 Qxb7 19. Qg6+ Kd7 20. Rhe1 Qc6 21.
Nf3 Qd6 22. Ne5+ Kc7 23. Kb1 Rhg8 24. Nf7 Qd7 25. Rxe6 Bf6 26. Rde1 Rae8 27. Ng5
Rd8 28. Nh7 d3 29. Nxf6 gxf6 30. Qxf6 d2 31. Rd1 Qd3+ 32. Ka1 Rxg4 33. a3 Rxc4
34. Re7+ Kb8 35. Ka2 Qd5 36. Re5 Qg8 37. Qg6 Qxg6 38. hxg6 Rc1 39. Rxd2 Rxd2 40.
Re8+ Kb7 41. g7 Rg1 42. g8=R Rxg8 43. Rxg8 Rxf2 44. Rg7+ Ka6 45. Rh7 Rh2 46. a4
h5 47. Kb3 Rh4 48. Ka3 Rh3+ 49. Ka2 h4 50. Kb1 Rh1+ 51. Kc2 h3 52. Kc3 h2 53.
Kb3 b5 54. axb5+ Kxb5 55. Ka2 a5 56. Rb7+ Kc6 57. Rh7 c4 58. Rh6+ Kd7 59. Rh7+
Ke6 60. Rh6+ Kf7 61. Rh7+ Kg6 0-1

[Event "8th HD Bank Cup 2018"]
[Site "Hanoi VIE"]
[Date "2018.03.12"]
[Round "4.2"]
[White "Tran, Tuan Minh"]
[Black "Zhao, Jun"]
[Result "0-1"]
[WhiteTitle "GM"]
[BlackTitle "GM"]
[WhiteElo "2522"]
[BlackElo "2599"]
[WhiteFideId "12401820"]
[BlackFideId "8602522"]
[EventDate "2018.03.10"]

1. c4 c5 2. g3 Nc6 3. Bg2 g6 4. Nc3 Bg7 5. d3 d6 6. Bd2 Nf6 7. Qc1 h5 8. Nf3 Bd7
9. Rb1 a6 10. O-O Rb8 11. a3 Nd4 12. b4 Bc6 13. bxc5 dxc5 14. Bf4 Rc8 15. Nxd4
cxd4 16. Bxc6+ Rxc6 17. Na2 b5 18. Nb4 Rc8 19. Nxa6 bxc4 20. dxc4 Ne4 21. Rb7
O-O 22. Nb4 e5 23. Bd2 Nd6 24. Bg5 Qa5 25. Rd7 Rxc4 26. Qb1 Nf5 27. Nd5 Rcc8 28.
Be7 Rb8 29. Qa2 Qb5 30. Ra7 Nxe7 31. Nxe7+ Kh7 32. Rc1 e4 33. Qd5 Qxe2 34. Rf1
e3 35. Nc6 Rb1 36. Qg2 Rxf1+ 37. Qxf1 Qf3 38. Nb4 Rc8 39. fxe3 Qxe3+ 40. Kg2 f5
41. Kh3 Qe4 42. Qb5 Re8 43. Nd5 Qg4+ 44. Kg2 Re2+ 45. Kg1 Qf3 0-1

[Event "8th HD Bank Cup 2018"]
[Site "Hanoi VIE"]
[Date "2018.03.12"]
[Round "4.3"]
[White "Karthikeyan, Murali"]
[Black "Pichot, Alan"]
[Result "1-0"]
[WhiteTitle "GM"]
[BlackTitle "GM"]
[WhiteElo "2592"]
[BlackElo "2558"]
[WhiteFideId "5074452"]
[BlackFideId "110973"]
[EventDate "2018.03.10"]

1. e4 c5 2. Nf3 Nc6 3. Nc3 Nf6 4. Bb5 Nd4 5. Ba4 Qa5 6. e5 Ne4 7. Bb3 Nxb3 8.
cxb3 Nxc3 9. dxc3 Qa6 10. Bf4 b6 11. Ng5 Qb7 12. Qd3 h6 13. Ne4 g5 14. Bg3 Qc6
15. O-O-O Bb7 16. Rhe1 O-O-O 17. Kb1 Rg8 18. b4 h5 19. h3 h4 20. Bh2 g4 21. bxc5
gxh3 22. gxh3 Bh6 23. f3 b5 24. Rg1 a6 25. Qd4 Qe6 26. Rg4 Rxg4 27. fxg4 f5 28.
c6 Bxc6 29. Nc5 Qg6 30. Ka1 fxg4 31. Nxa6 Qc2 32. Nb4 Qe4 33. Nxc6 Qxc6 34. Qxg4
Be3 35. Qxh4 Qf3 36. Rb1 e6 37. Bg1 Qf4 38. Qxf4 Bxf4 39. Bd4 Rh8 40. Rf1 Rxh3
41. a4 Be3 42. Bxe3 Rxe3 43. axb5 Rxe5 44. c4 Re4 45. b3 Re2 46. Rf8+ Kc7 47. c5
Rc2 48. b4 Rc4 49. b6+ Kb7 50. Rd8 Rd4 51. Kb2 Rxb4+ 52. Kc3 1-0

[Event "8th HD Bank Cup 2018"]
[Site "Hanoi VIE"]
[Date "2018.03.12"]
[Round "4.4"]
[White "Karthikeyan, P."]
[Black "Le, Quang Liem"]
[Result "1/2-1/2"]
[WhiteTitle "IM"]
[BlackTitle "GM"]
[WhiteElo "2473"]
[BlackElo "2736"]
[WhiteFideId "5018226"]
[BlackFideId "12401137"]
[EventDate "2018.03.10"]

1. d4 Nf6 2. c4 e6 3. g3 d5 4. Bg2 Bb4+ 5. Nd2 O-O 6. Nf3 b6 7. O-O Bb7 8. b3 a5
9. Bb2 Na6 10. e3 Be7 11. a3 c5 12. Qe2 Ra7 13. cxd5 exd5 14. Rfd1 Nc7 15. Ne5
Ne6 16. a4 Re8 17. Rac1 h6 18. Nb1 Ba6 19. Qc2 Rc7 20. Qf5 cxd4 21. exd4 Bb4 22.
Nc3 g6 23. Qb1 Nxd4 24. Nxf7 Kxf7 25. Rxd4 Qc8 26. Qa1 Bxc3 27. Rxc3 Rxc3 28.
Bxc3 Ne4 1/2-1/2

[Event "8th HD Bank Cup 2018"]
[Site "Hanoi VIE"]
[Date "2018.03.12"]
[Round "4.5"]
[White "Wang, Hao"]
[Black "Saduakassova, Dinara"]
[Result "1-0"]
[WhiteTitle "GM"]
[BlackTitle "IM"]
[WhiteElo "2713"]
[BlackElo "2479"]
[WhiteFideId "8602883"]
[BlackFideId "13700090"]
[EventDate "2018.03.10"]

1. c4 Nf6 2. Nc3 e6 3. e4 d5 4. e5 d4 5. exf6 dxc3 6. bxc3 Qxf6 7. d4 c5 8. Nf3
cxd4 9. Bg5 Qf5 10. cxd4 Bb4+ 11. Bd2 Qa5 12. Bd3 Nc6 13. Rb1 Bxd2+ 14. Qxd2 Rb8
15. Rb5 Qxd2+ 16. Kxd2 b6 17. d5 Nd8 18. Rhb1 Bd7 19. Ra5 Rb7 20. Ra3 Ke7 21.
Ng5 f6 22. Ne4 exd5 23. cxd5 Nf7 24. Re1 Rc7 25. Ng5+ Ne5 26. f4 fxg5 27. fxe5 1-0

[Event "8th HD Bank Cup 2018"]
[Site "Hanoi VIE"]
[Date "2018.03.12"]
[Round "4.6"]
[White "Nguyen, Van Huy"]
[Black "Aravindh, Chithambaram VR."]
[Result "1/2-1/2"]
[WhiteTitle "IM"]
[BlackTitle "GM"]
[WhiteElo "2454"]
[BlackElo "2617"]
[WhiteFideId "12401064"]
[BlackFideId "5072786"]
[EventDate "2018.03.10"]

1. d4 Nf6 2. c4 Nc6 3. Nf3 e6 4. a3 d5 5. Nc3 a6 6. cxd5 exd5 7. Bg5 Be6 8. e3
h6 9. Bh4 Bd6 10. Bd3 g5 11. Bg3 Rg8 12. Qc2 h5 13. Bxd6 Qxd6 14. O-O-O h4 15.
h3 O-O-O 16. Kb1 Kb8 17. Rc1 Ne7 18. Ka1 Bc8 19. Na4 b6 20. Qb3 Ka7 21. Rc2 Bb7
22. Rhc1 Rc8 23. Nc5 Nd7 24. Nxd7 Qxd7 25. Ne5 Qe6 26. Rxc7 Rxc7 27. Rxc7 Rc8
28. Rxc8 Bxc8 29. Qc2 Kb8 30. Be2 f6 31. Bg4 Qd6 32. Bxc8 Nxc8 33. Nf3 Qe6 34.
Qe2 Kb7 35. Nd2 Qc6 36. Kb1 Nd6 37. Qd3 a5 38. f3 f5 39. Nb3 Qc4 40. Qd1 Qb5 41.
Ka2 Nc4 42. Qe2 Qe8 43. e4 fxe4 44. fxe4 Qxe4 45. Qf2 Qf4 46. Qc2 Qe4 47. Qf2
Qf4 48. Qc2 a4 49. Nc1 Qxd4 50. Qh7+ Ka6 51. Nd3 Ne5 52. Nb4+ Kb5 53. Qg8 Qc4+
54. Kb1 Qe4+ 55. Ka2 Nd3 56. Nxd3 Qc4+ 57. Ka1 Qxd3 58. Qxg5 Qf1+ 59. Ka2 Qc4+
60. Ka1 Qe4 61. g4 hxg3 62. Qxg3 d4 63. h4 d3 64. Qg5+ Kc4 65. Qc1+ Kd4 66. h5
Qe3 67. Qc3+ Ke4 68. Kb1 Kf3 69. Qc6+ Kf2 70. h6 d2 71. Kc2 Qe2 72. Qxb6+ Kf1
73. Qf6+ Ke1 74. Qh4+ Kf1 75. Qh1+ Kf2 76. Qh2+ Kf1 77. Qf4+ Ke1 78. Qg3+ Kf1
79. Qf4+ Ke1 80. Qh4+ Kf1 81. Qh1+ Kf2 82. Qd1 Ke3 83. Qg1+ Kf3 84. Qh1+ Kf2 85.
Qd1 Ke3 1/2-1/2

[Event "8th HD Bank Cup 2018"]
[Site "Hanoi VIE"]
[Date "2018.03.12"]
[Round "4.7"]
[White "Lu, Chan Hung"]
[Black "Krysa, Leandro"]
[Result "1/2-1/2"]
[WhiteTitle "IM"]
[BlackTitle "GM"]
[WhiteElo "2181"]
[BlackElo "2548"]
[WhiteFideId "12402508"]
[BlackFideId "116807"]
[EventDate "2018.03.10"]

1. c4 c5 2. Nc3 g6 3. g3 Bg7 4. Bg2 Nc6 5. a3 d6 6. Rb1 e6 7. b4 Nge7 8. h4 h6
9. Nh3 Rb8 10. Qa4 O-O 11. Bb2 b6 12. b5 Na5 13. Ne4 f5 14. Bxg7 Kxg7 15. Nc3 e5
16. f4 e4 17. d3 exd3 18. exd3 Bb7 19. Qc2 d5 20. cxd5 Nxd5 21. Nxd5 Bxd5 22.
Qc3+ Kg8 23. O-O Bxg2 24. Kxg2 Qd5+ 25. Kh2 Rbd8 26. Nf2 Qd4 27. Qxd4 Rxd4 28.
Rfe1 Kf7 29. h5 gxh5 30. Re5 Kg7 31. Kh3 c4 32. Rb4 Kf6 33. dxc4 Nxc4 34. Re2
Rfd8 35. Ra4 Na5 36. Rxd4 Rxd4 37. Kh4 Nc4 38. Ra2 Kg6 39. a4 Nd6 40. Kh3 Ne4
41. a5 bxa5 42. Nxe4 fxe4 43. Rxa5 Rd7 44. Kg2 Rd2+ 45. Kf1 Rb2 46. Ke1 Rb3 47.
Kf2 Rf3+ 48. Kg2 Rb3 49. Kf2 Kf6 50. Rxa7 h4 51. gxh4 Kf5 52. Rf7+ Kg4 53. Rf6
Rxb5 1/2-1/2